banner koha

Avaliacao da suscetibilidade de cultivares de milho ao ataque da Broca do colo e da lagarta do cartucho Elasmopalpus liguoselus (Zeller, 1848)e Spodoptera frugiperda (Smith e Abbot, 1797)[Zea mays] (Registro n. 308835)

MARC details
000 -LÍDER
campo de controle de tamanho fixo 01206naa a22002897a 4500
001 - NÚMERO DE CONTROLE
campo de controle BR7803056
003 - IDENTIFICADOR DO NÚMERO DE CONTROLE
campo de controle BR-BrBNA
005 - DATA E HORÁRIO DA ÚLTIMA TRANSAÇÃO
campo de controle 20240918174104.0
007 - CAMPO FIXO DE DESCRIÇÃO FÍSICA--INFORMAÇÃO GERAL
campo de controle de tamanho fixo ta
008 - CAMPO DE DADOS FIXOS--INFORMAÇÃO GERAL
campo de controle de tamanho fixo 230509b bl.||||| |||| 00| 0 por d
040 ## - FONTE DA CATALOGAÇÃO
Instituição da catalogação original BR-BrBNA
Idioma da catalogação por
Instituição que transcreveu o registro Biblioteca Nacional de Agricultura
041 ## - CÓDIGO DE IDIOMA
Código do idioma do texto/trilha sonora ou título diferente (Pt)
072 ## - CÓDIGO DE CATEGORIA DE ASSUNTO
Código de Categoria de Assunto H10
Código do objeto 0120
-- 4020
090 ## - NÚMERO DE CHAMADA LOCAL
Número de chamada H10 BR7803056
100 1# - ENTRADA PRINCIPAL--NOME PESSOAL
Nome pessoal Maia, N.G.
100 1# - ENTRADA PRINCIPAL--NOME PESSOAL
Nome pessoal Cachapuz, L.M.M.
111 1# - ENTRADA PRINCIPAL--NOME DO EVENTO
Nome do evento ou lugar 22. Reuniao Tecnica Anual do Milho e 6. do Sorgo Granifero
Local do evento Porto Alegre, RS (Brazil)
Data do evento ou assinatura do tratado Aug 1977
245 1# - TÍTULO
Título Avaliacao da suscetibilidade de cultivares de milho ao ataque da Broca do colo e da lagarta do cartucho Elasmopalpus liguoselus (Zeller, 1848)e Spodoptera frugiperda (Smith e Abbot, 1797)[Zea mays]
260 3# - PUBLICAÇÃO, DISTRIBUIÇÃO, ETC.
Local de publicação, distribuição, etc. Porto Alegre, RS (Brasil):
Data da publicação, distribuição, etc. 1977.
500 ## - NOTA GERAL
Nota geral Ata da 22. Reuniao Tecnica Anual do Milho e 6. do Sorgo Granifero<br/>Porto Alegre, RS (Brasil): 1977. p. 162-171<br/>(BR7803056-AM)H10<br/>
650 ## - ASSUNTO--TERMO TÓPICO
Cabeçalho tópico ou nome geográfico MILHO
650 ## - ASSUNTO--TERMO TÓPICO
Cabeçalho tópico ou nome geográfico BROCA
650 ## - ASSUNTO--TERMO TÓPICO
Cabeçalho tópico ou nome geográfico LAGARTA
773 0# - ENTRADA ANALÍTICA
Título Ata da 22. Reuniao Tecnica Anual do Milho e 6. do Sorgo Granifero
Número de controle do registro H10 BR7803056
Partes relacionadas Porto Alegre, RS (Brasil), 1977. p. 162-171
909 ## -
-- 202404
-- Lucia
-- 55
-- Lucia Elande
942 ## - ELEMENTOS DE ENTRADA ADICIONADOS (KOHA)
Tipo de material Koha Capítulo-Livro
Fonte da classificação ou esquema de arquivamento na estante Classificação AGRIS
Exemplares
Situação do descarte Fonte da classificação ou esquema de arquivamento na estante Situação física Não pode ser emprestado Coleção Biblioteca de origem Biblioteca atual Localização na estante Total de empréstimos Número de telefone completo Data de último acesso Número do exemplar Tipo de material Koha Situação das perdas Data de aquisição Fonte de aquisição
  Classificação AGRIS       Biblioteca Nacional de Agricultura - Binagri Biblioteca Nacional de Agricultura - Binagri Agrobase - Acervo Geral   0120 BR7803034 20/05/2024 01 Capítulo-Livro   2024-04-11 Portaria Interministerial nº 164/94

BINAGRI

Telefone: (61)3218-2567/2388/3357/2097 - binagri@agro.gov.br

Ministério da Agricultura e Pecuária , Esplanada dos Ministérios, Bloco D, Anexo B, Brasília/DF, CEP: 70.043-900